000 01407nam a22002057a 4500
005 20260123085623.0
008 230713b ||||| |||| 00| 0 eng d
040 _cSSBUL
_dSSBUL
082 _223
_a၆၃၅ အောင် ၁၆၀၅၅ (S-SAT)
100 _aအောင်ငြိမ်းချမ်း၊
_g(မန်းတက္ကသိုလ်)။
_927859
245 _aနန်းထိုက်တော်ဝင်မင်းဥယျာဉ် /
_cအောင်ငြိမ်းချမ်း(မန်းတက္ကသိုလ်)။
260 _aရန်ကုန်၊
_bစာပေဗိမာန်၊
_c၂၀၀၇။
300 _a၁၉၀ စာမျက်နှာ၊
_bဓာတ်ပုံများ၊
_c၁၇ စင်တီ။
440 _aစာပေဗိမာန်ထုတ်ပြည်သူ့လက်စွဲစာစဉ်။
_927757
500 _a၂၀၀၅ ခုနှစ်၊ စာပေဗိမာန်စာမူဆုမြန်မာ့ယဉ်ကျေးမှုနှင့် အနုပညာစာပေဆု ပထမဆုရစာအုပ်ဖြစ်သည်။
500 _aS-SAT: Dr. Prof Sai Aung Tun
504 _6ကျမ်းကိုးစာရင်းပါဝင်သည်။
650 _aဥယျာဉ်များ
_zမြန်မာနိုင်ငံ။
_927860
942 _2ddc
_cBK1
999 _c27118
_d27118